Vyberte si svoj daňový raj

Charakteristika pojmu daňový raj. História vzniku daňového raja. Riziko a hrozba daňových rajov. Najznámejšie daňové raje. Výber vhodného teritória pre fyzické a právnické osoby. Najpríťažlivejšie daňové raje pre fyzické osoby, pre právnické osoby. Holdingy, závislé poisťovne, trusty, námorné spoloč...

Descrizione completa

Salvato in:
Dettagli Bibliografici
Autore principale: Burák, Emil
Natura: Capitolo di libro
Lingua:slovacco
Soggetti:
Tags: Aggiungi Tag
Nessun Tag, puoi essere il primo ad aggiungerne!!

MARC

LEADER 00000naa a2200000 4500
001 r030152
005 20230912110651.1
041 0 |a slo 
044 |a SK 
245 1 0 |a Vyberte si svoj daňový raj  |c Emil Burák 
520 |a Charakteristika pojmu daňový raj. História vzniku daňového raja. Riziko a hrozba daňových rajov. Najznámejšie daňové raje. Výber vhodného teritória pre fyzické a právnické osoby. Najpríťažlivejšie daňové raje pre fyzické osoby, pre právnické osoby. Holdingy, závislé poisťovne, trusty, námorné spoločnosti zo "Shipping center". Úvaha off shore ako alternatívy pre slovenskú ekonomiku. 
610 2 0 |a offshore 
610 2 0 |a podnikanie v zahraničí 
610 2 0 |a osoby fyzické 
610 2 0 |a osoby právnické 
610 2 0 |a pranie špinavých peňazí 
610 2 0 |a zvýhodnenie daňové 
610 2 0 |a úľavy daňové 
610 2 0 |a spoločnosti obchodné 
100 1 |a Burák, Emil